[Event "ICS rated standard match"]
[Site "204.178.125.65"]
[Date "2000.08.24"]
[Round "?"]
[White "Hossa"]
[Black "greekgift"]
[Result "1-0"]
[WhiteElo "2365"]
[BlackElo "1905"]
[PlyCount "62"]
[EventDate "2000.??.??"]

1. e4 c5 2. Nf3 d6 3. Bb5+ Bd7 4. Bxd7+ Qxd7 5. c4 Nc6 6. Nc3 g6 7. d4 cxd4 8.
Nxd4 Bg7 9. Be3 Nf6 10. f3 O-O 11. O-O Rac8 12. Nxc6 Rxc6 13. Qd3 Rfc8 14. b3
a6 15. Na4 Qc7 16. Bd4 Nd7 17. Bxg7 Kxg7 18. f4 Kg8 19. f5 Ne5 20. Qd4 b5 21.
Nc3 bxc4 22. Nd5 Qb7 23. f6 exf6 24. bxc4 Rxc4 25. Nxf6+ Kg7 26. Qxd6 Qc7 27.
Qa3 Qc5+ 28. Qxc5 R8xc5 29. Ne8+ Kf8 30. Nf6 h5 31. Rad1 Ng4 {greekgift resigns
} 1-0

[Event "ICS rated standard match"]
[Site "204.178.125.65"]
[Date "2000.08.24"]
[Round "?"]
[White "greekgift"]
[Black "Hossa"]
[Result "0-1"]
[WhiteElo "1903"]
[BlackElo "2367"]
[PlyCount "48"]
[EventDate "2000.??.??"]

1. e4 e5 2. Nf3 Nc6 3. Bc4 Bc5 4. d3 Nf6 5. O-O d6 6. h3 Na5 7. Nc3 Nxc4 8.
dxc4 Be6 9. b3 O-O 10. Bg5 Re8 11. Nd5 c6 12. Nxf6+ gxf6 13. Bh6 f5 14. Ng5 Qf6
15. Qh5 Qg6 16. Qh4 Bc8 17. Rad1 f4 18. Kh1 f6 19. Nf3 Kh8 20. c3 Rg8 21. Ne1
a5 22. a3 Bxa3 23. b4 Rd8 24. g3 Qxe4+ {greekgift resigns} 0-1

[Event "ICS rated standard match"]
[Site "204.178.125.65"]
[Date "2000.08.24"]
[Round "?"]
[White "Hossa"]
[Black "stevesand"]
[Result "1-0"]
[WhiteElo "2369"]
[BlackElo "2093"]
[PlyCount "42"]
[EventDate "2000.??.??"]

1. e4 c6 2. Qe2 d5 3. d3 Nf6 4. e5 Nfd7 5. Nf3 c5 6. e6 fxe6 7. g3 Nc6 8. Bh3
e5 9. Bg5 h6 10. Bc1 Qc7 11. O-O Nf6 12. Bxc8 Rxc8 13. Re1 e4 14. dxe4 Nxe4 15.
c4 Nf6 16. cxd5 Nxd5 17. Na3 g6 18. Qe4 Rd8 19. Qxg6+ Kd7 20. Qf5+ Ke8 21. Qh5+
Kd7 {stevesand resigns} 1-0

[Event "ICS rated standard match"]
[Site "204.178.125.65"]
[Date "2000.08.24"]
[Round "?"]
[White "stevesand"]
[Black "Hossa"]
[Result "0-1"]
[WhiteElo "2088"]
[BlackElo "2374"]
[PlyCount "110"]
[EventDate "2000.??.??"]

1. d4 d5 2. c4 dxc4 3. Nf3 e6 4. e3 b5 5. a4 c6 6. b3 cxb3 7. axb5 Qd5 8. bxc6
Bb4+ 9. Bd2 Nxc6 10. Nc3 Bxc3 11. Bxc3 a5 12. Bd3 Nf6 13. Qe2 Ne4 14. Bb2 Nb4
15. Bc4 Nc2+ 16. Qxc2 bxc2 17. Bxd5 exd5 18. Rc1 Bf5 19. Nh4 Bd7 20. Rxc2 Rb8
21. O-O Ba4 22. Rc7 g5 23. Nf3 O-O 24. Ba3 Rfc8 25. Rxc8+ Rxc8 26. Rc1 Rxc1+
27. Bxc1 f6 28. Kf1 Kf7 29. Ke1 Bc2 30. Bb2 a4 31. Nd2 Nd6 32. f3 f5 33. h3 Nb5
34. g4 a3 35. Ba1 Nc7 36. gxf5 Bxf5 37. e4 Bxh3 38. Nb3 h5 39. Kf2 h4 40. Nc5
a2 41. Nb3 dxe4 42. fxe4 Na6 43. Nc5 Nb4 44. d5 g4 45. Nb3 g3+ 46. Kf3 g2 47.
Kf2 Nd3+ 48. Kg1 Ne1 49. Nc1 Nf3+ 50. Kf2 g1=Q+ 51. Kxf3 Bg4+ 52. Kf4 Qg3+ 53.
Kg5 Bh3+ 54. Kh5 Qg4+ 55. Kh6 Qg6# 0-1

[Event "ICS rated standard match"]
[Site "204.178.125.65"]
[Date "2000.08.24"]
[Round "?"]
[White "Hossa"]
[Black "stevesand"]
[Result "1-0"]
[WhiteElo "2379"]
[BlackElo "2083"]
[PlyCount "93"]
[EventDate "2000.??.??"]

1. e4 c6 2. Qe2 d5 3. d3 Nf6 4. e5 Nfd7 5. Nf3 c5 6. e6 fxe6 7. g3 Nc6 8. Bh3
e5 9. Bg5 h6 10. Bc1 Qc7 11. O-O Nf6 12. Bxc8 Rxc8 13. Re1 Nd7 14. Nc3 Qd6 15.
a4 g5 16. a5 Bg7 17. h4 g4 18. Nh2 h5 19. Nb5 Qg6 20. a6 b6 21. Bg5 O-O 22. Nf1
Rf3 23. Nh2 Rf5 24. c4 e6 25. Nd6 Rcf8 26. Nxf5 Rxf5 27. Qd2 Nd4 28. Ra3 Nb8
29. b3 Nbc6 30. Be3 Bf6 31. Rb1 Kh7 32. Ra2 Bg7 33. Bxd4 exd4 34. cxd5 Rxd5 35.
Rd1 Rf5 36. Raa1 Bh6 37. Qe2 Qf7 38. Re1 Ne5 39. Ra2 Kg7 40. Qe4 Nf3+ 41. Nxf3
Rxf3 42. Rae2 Rf6 43. Qb7 Kg8 44. Rxe6 Rxe6 45. Qc8+ Kg7 46. Rxe6 Kh7 47. Qb7 {
stevesand resigns} 1-0

[Event "ICS rated standard match"]
[Site "204.178.125.65"]
[Date "2000.08.24"]
[Round "?"]
[White "stevesand"]
[Black "Hossa"]
[Result "0-1"]
[WhiteElo "2078"]
[BlackElo "2384"]
[PlyCount "64"]
[EventDate "2000.??.??"]

1. d4 d5 2. c4 dxc4 3. Nf3 e6 4. e3 b5 5. a4 c6 6. axb5 cxb5 7. b3 Nf6 8. bxc4
b4 9. Bd3 Bb7 10. O-O a5 11. Nbd2 Be7 12. e4 O-O 13. e5 Ng4 14. Qc2 g6 15. Ne4
Nc6 16. h3 Nxd4 17. Nxd4 Nxe5 18. Bb2 Nxd3 19. Qxd3 e5 20. Rad1 exd4 21. Bxd4
f5 22. Nc5 Bxc5 23. Bxc5 Qxd3 24. Rxd3 Rfc8 25. Be3 Rxc4 26. Rd7 Bc6 27. Rc7
Bb5 28. Rxc4 Bxc4 29. Rd1 b3 30. Rd7 Rb8 31. Bd4 b2 32. Rg7+ Kf8 {
stevesand resigns} 0-1

[Event "ICS Rated standard match"]
[Site "204.178.125.65"]
[Date "2000.08.24"]
[Round "?"]
[White "BrazilianMaster"]
[Black "Hossa"]
[Result "1-0"]
[WhiteElo "2601"]
[BlackElo "2389"]
[PlyCount "165"]
[EventDate "2000.??.??"]

1. b3 e5 2. Bb2 d6 3. c4 Nf6 4. g3 Be7 5. Bg2 O-O 6. Nc3 Nc6 7. Nf3 Bf5 8. d4
Qc8 9. O-O exd4 10. Nxd4 Nxd4 11. Qxd4 c6 12. Rad1 Bh3 13. e4 Bxg2 14. Kxg2 Rd8
15. f3 Ne8 16. Qd3 Bf6 17. Bc1 Nc7 18. Be3 Qd7 19. Rd2 Ne6 20. Rfd1 Ng5 21. Bf4
Qh3+ 22. Kh1 Ne6 23. Ne2 Qh5 24. a3 Nxf4 25. Nxf4 Qe5 26. Qe3 Bg5 27. Rd4 Rd7
28. h4 Bh6 29. b4 Rad8 30. Qd2 b5 31. cxb5 Qxb5 32. g4 g6 33. Rd3 Qe5 34. g5
Bg7 35. Rc1 Qb5 36. Rc2 a6 37. Rc1 Be5 38. Ne2 Bb2 39. Rd1 Bg7 40. Qc2 Qb6 41.
Nc3 Qa7 42. f4 Qc7 43. Na4 Bf8 44. Rc1 Qa7 45. Qxc6 Qf2 46. Nb6 Qxh4+ 47. Kg2
Qxf4 48. Rf1 Qxg5+ 49. Rg3 Qe7 50. Nxd7 Rxd7 51. Qd5 Qe5 52. Qxe5 dxe5 53. Rf6
Rd2+ 54. Kf1 Ra2 55. Rb3 a5 56. bxa5 h5 57. Rff3 Be7 58. a6 Bc5 59. Rb7 Ra1+
60. Kg2 Ra2+ 61. Kg3 Bxa3 62. a7 Bf8 63. Rfxf7 g5 64. Rf5 Ra3+ 65. Kg2 Ra2+ 66.
Kf1 Ra1+ 67. Kg2 Ra2+ 68. Rf2 Ra1 69. Rxf8+ Kxf8 70. Rb8+ Kf7 71. a8=Q Rxa8 72.
Rxa8 Kg7 73. Ra6 Kh7 74. Re6 Kg7 75. Rxe5 Kg6 76. Rf5 Kh6 77. e5 Kg6 78. Rf1
Kh7 79. e6 Kg7 80. e7 Kg6 81. e8=Q+ Kh6 82. Qh8+ Kg6 83. Rf6# {Hossa checkmated
} 1-0

[Event "ICS rated standard match"]
[Site "204.178.125.65"]
[Date "2000.08.24"]
[Round "?"]
[White "Hossa"]
[Black "BrazilianMaster"]
[Result "0-1"]
[WhiteElo "2382"]
[BlackElo "2606"]
[PlyCount "152"]
[EventDate "2000.??.??"]

1. e4 e5 2. Nf3 Nc6 3. Bb5 a6 4. Ba4 Nf6 5. O-O Be7 6. Bxc6 dxc6 7. Nc3 Bg4 8.
h3 Bh5 9. g4 Nxg4 10. hxg4 Bxg4 11. Re1 Bh5 12. Kg2 Qc8 13. Ne2 Bxf3+ 14. Kxf3
h5 15. Rg1 Qh3+ 16. Ng3 O-O-O 17. Rh1 Qe6 18. Ke2 g6 19. d3 h4 20. Nf1 Qg4+ 21.
Ke1 Qxd1+ 22. Kxd1 f5 23. exf5 gxf5 24. Ne3 Rh5 25. Bd2 e4 26. Ng2 Bf6 27. Nf4
Rh7 28. Bc3 Bxc3 29. bxc3 exd3 30. cxd3 h3 31. Kd2 h2 32. Rae1 Rg8 33. Ne6 b6
34. Nd4 Rg2 35. Ke2 c5 36. Nf3 Rh3 37. Ne5 Rg5 38. a3 b5 39. Nf3 Rgh5 40. Rb1
Kd7 41. Rb2 Kd6 42. Rc2 Kd5 43. c4+ Kd6 44. Rb2 c6 45. Rbb1 f4 46. Rb2 Ke6 47.
cxb5 cxb5 48. a4 b4 49. d4 Kd5 50. dxc5 Kxc5 51. Rc2+ Kb6 52. Rc4 Ka5 53. Rxf4
Rh6 54. Kf1 Kxa4 55. Kg2 a5 56. Rxh2 Rxh2+ 57. Nxh2 Ka3 58. Ng4 Ra6 59. Rf5 b3
60. Ne3 a4 61. Rb5 Rc6 62. Rb7 Rc1 63. f4 b2 64. Kf3 b1=Q 65. Rxb1 Rxb1 66. f5
Rb7 67. Nc4+ Kb4 68. Ne5 a3 69. Kf4 a2 70. Nd3+ Kc4 71. Nc1 a1=Q 72. Ne2 Qf1+
73. Kg5 Qxe2 74. Kh6 Qg2 75. f6 Rb1 76. Kh7 Rh1# {Hossa checkmated} 0-1

[Event "ICS rated blitz match"]
[Site "204.178.125.65"]
[Date "2000.08.24"]
[Round "?"]
[White "MissSilicon"]
[Black "Hossa"]
[Result "1-0"]
[WhiteElo "2709"]
[BlackElo "2499"]
[PlyCount "143"]
[EventDate "2000.??.??"]

1. e4 c5 2. Nf3 Nc6 3. d4 cxd4 4. Nxd4 d5 5. Nc3 dxe4 6. Nxc6 Qxd1+ 7. Kxd1
bxc6 8. Nxe4 e5 9. c3 Bf5 10. Bd3 O-O-O 11. Kc2 Kb8 12. Re1 Nf6 13. Nc5 Bxc5
14. Bxf5 Rhe8 15. f3 h6 16. Bd2 g6 17. Bd3 g5 18. Rad1 Re7 19. h4 gxh4 20. Bxh6
Nd5 21. Bf5 Ree8 22. c4 Nb4+ 23. Kb3 Rxd1 24. Rxd1 Na6 25. Rd7 Rg8 26. Bh3 f6
27. Rf7 Ka8 28. Bg7 Bd4 29. Bf8 Bc5 30. Bxc5 Nxc5+ 31. Kc3 Rg6 32. b4 Na4+ 33.
Kb3 Nb6 34. a4 e4 35. a5 exf3 36. gxf3 Rg3 37. Bg4 f5 38. Rf8+ Nc8 39. a6 Kb8
40. Rxf5 Nd6 41. Rf8+ Kc7 42. c5 h3 43. cxd6+ Kxd6 44. Rh8 Rg1 45. Bxh3 Rb1+
46. Kc4 Rc1+ 47. Kd3 Rd1+ 48. Ke3 Re1+ 49. Kf4 Re7 50. Bf5 Rf7 51. Kg5 Ke5 52.
f4+ Kd6 53. Be4 Rg7+ 54. Kf6 Rg4 55. Kf5 Rg7 56. Rh6+ Kc7 57. Rxc6+ Kb8 58. Kf6
Rg8 59. Bd5 Rf8+ 60. Kg7 Re8 61. f5 Re7+ 62. Kh6 Rd7 63. Be6 Rc7 64. Rc5 Rxc5
65. bxc5 Kc7 66. Bd5 Kd7 67. f6 Kd8 68. Kg7 Kc8 69. f7 Kc7 70. f8=Q Kd7 71.
Qd6+ Ke8 72. Bc6# {Hossa checkmated} 1-0

[Event "ICS rated blitz match"]
[Site "204.178.125.65"]
[Date "2000.08.24"]
[Round "?"]
[White "Hossa"]
[Black "MissSilicon"]
[Result "1/2-1/2"]
[WhiteElo "2492"]
[BlackElo "2716"]
[PlyCount "183"]
[EventDate "2000.??.??"]

1. b3 d5 2. Bb2 c5 3. g3 e6 4. Nf3 Nf6 5. Bg2 Bd6 6. Na3 Nc6 7. c4 a6 8. cxd5
exd5 9. O-O O-O 10. d4 Re8 11. dxc5 Bxc5 12. Nc2 Ne4 13. Rc1 Bg4 14. Qd3 Rc8
15. e3 Qa5 16. a3 Be7 17. Rfd1 Red8 18. b4 Qa4 19. h3 Bf5 20. Qe2 Bf6 21. Ncd4
Nxd4 22. Nxd4 Bg6 23. Qg4 Qe8 24. Qe2 Rxc1 25. Rxc1 Rc8 26. Rxc8 Qxc8 27. h4
Bxd4 28. exd4 Nf6 29. Qe5 h6 30. Qe2 Bh5 31. Qe3 b5 32. Qe1 Bg4 33. Qc3 Qf5 34.
f3 Qb1+ 35. Qc1 Qxc1+ 36. Bxc1 Bc8 37. g4 Ne8 38. Bf4 Kf8 39. Be5 f6 40. Bb8
Ke7 41. Ba7 f5 42. Bc5+ Kf7 43. g5 hxg5 44. hxg5 f4 45. Kf2 Bf5 46. Bb6 Nd6 47.
Bc7 Nc4 48. Bxf4 Nxa3 49. Bd6 Nc4 50. Be5 Na3 51. Bd6 Ke6 52. Bf8 Nc2 53. Bc5
Na3 54. Bf1 Nc4 55. Be2 Bc2 56. Kg3 Ne3 57. Kf4 Ng2+ 58. Kg4 Ne3+ 59. Kg3 Bb1
60. Kf2 Nc4 61. Kg1 Kf5 62. Bf8 Kxg5 63. Bxg7 Kg6 64. Bf8 Ne3 65. Kf2 Nf5 66.
Bc5 Kg5 67. Bd1 Kf6 68. Ke2 Ng3+ 69. Ke1 Ke6 70. Kf2 Nf5 71. f4 Nh4 72. Bh5 Be4
73. Be8 Ng6 74. Kg3 Ne7 75. Bxe7 Kxe7 76. Bc6 Kd6 77. Bb7 a5 78. bxa5 b4 79. a6
Kc7 80. f5 b3 81. f6 b2 82. f7 b1=Q 83. f8=Q Qg1+ 84. Kh4 Qh2+ 85. Kg5 Qg3+ 86.
Kf6 Qf4+ 87. Ke7 Qd6+ 88. Kf7 Qg6+ 89. Ke7 Qd6+ 90. Kf7 Qg6+ 91. Ke7 Qd6+ 92.
Kf7 1/2-1/2

[Event "ICS Rated standard match"]
[Site "204.178.125.65"]
[Date "2000.08.24"]
[Round "?"]
[White "josechess"]
[Black "Hossa"]
[Result "1-0"]
[WhiteElo "2290"]
[BlackElo "2375"]
[PlyCount "145"]
[EventDate "2000.??.??"]

1. Nf3 d5 2. b3 Nf6 3. Bb2 e6 4. e3 c5 5. c4 Nc6 6. cxd5 exd5 7. Be2 Bd6 8. O-O
O-O 9. d4 cxd4 10. Nxd4 Bd7 11. Nd2 Qb8 12. N2f3 Ng4 13. h3 Nh2 14. Nxh2 Bxh2+
15. Kh1 Be5 16. Qd2 Rc8 17. Nf3 Bxb2 18. Qxb2 Qd6 19. Rfd1 Nb4 20. Rac1 Bf5 21.
a3 Rxc1 22. Rxc1 Nc6 23. b4 Re8 24. Rd1 Rc8 25. Qd2 Ne7 26. Rc1 Rxc1+ 27. Qxc1
Be4 28. Qc3 f6 29. Nd4 Nc6 30. Nxc6 Qxc6 31. Qxc6 bxc6 32. f3 Bc2 33. Kg1 Kf7
34. Kf1 g5 35. g3 h5 36. h4 Bf5 37. Ke1 gxh4 38. gxh4 Kg6 39. Kd2 Kg7 40. Kc3
Bg6 41. Kd4 Bc2 42. Kc5 Ba4 43. Ba6 Kg6 44. Bd3+ Kg7 45. Bf5 Bd1 46. f4 Bg4 47.
Bc2 Bf3 48. Kd6 Be2 49. Kxc6 Bf3 50. Kd6 Be2 51. Kxd5 Kf7 52. Kd6 Bc4 53. e4
Be2 54. e5 fxe5 55. fxe5 Bc4 56. Bf5 Kg7 57. Ke7 Be2 58. a4 Bd1 59. Bd7 Bb3 60.
b5 Bc2 61. a5 Kg6 62. Kd6 Be4 63. e6 Bb7 64. e7 Kf6 65. e8=Q Be4 66. Qe5+ Kf7
67. Be6+ Kg6 68. Qxe4+ Kg7 69. Qe5+ Kh7 70. Bf5+ Kg8 71. Ke6 a6 72. Kf6 Kf8 73.
Qb8# {Hossa checkmated} 1-0

[Event "ICS rated standard match"]
[Site "204.178.125.65"]
[Date "2000.08.24"]
[Round "?"]
[White "Hossa"]
[Black "josechess"]
[Result "0-1"]
[WhiteElo "2355"]
[BlackElo "2310"]
[PlyCount "121"]
[EventDate "2000.??.??"]

1. e4 c6 2. Qe2 d5 3. d3 dxe4 4. dxe4 e5 5. Nf3 Qc7 6. Nc3 Be7 7. Bg5 Bxg5 8.
Nxg5 Nf6 9. O-O-O O-O 10. Qd2 Nbd7 11. f3 Nc5 12. g4 Ne6 13. Bc4 Nxg5 14. Qxg5
Bd7 15. Bb3 Rad8 16. h4 Bc8 17. h5 h6 18. Qe3 Qb6 19. Qxb6 axb6 20. Na4 Rxd1+
21. Rxd1 Nd7 22. c4 Re8 23. Kc2 Kf8 24. Kd2 Ke7 25. Bc2 Kd6 26. Ke2+ Kc7 27.
Kf2 Nc5 28. Nxc5 bxc5 29. b3 Rd8 30. Rxd8 Kxd8 31. Bd3 Kc7 32. Ke2 Kb6 33. Kd2
Ka5 34. Kc2 Be6 35. a3 Bd7 36. Kb2 Be8 37. Bf1 Kb6 38. Kc2 Kc7 39. Kd2 Kd6 40.
Bd3 Ke7 41. Be2 Kf6 42. Bf1 g6 43. hxg6 fxg6 44. Bh3 b6 45. a4 Kg5 46. Bf1 Kf4
47. Ke2 Kg3 48. Ke3 h5 49. Ke2 h4 50. Ke3 g5 51. Ke2 h3 52. Bxh3 Kxh3 53. Kf2
Bf7 54. Kf1 Kg3 55. Ke2 Kf4 56. Kf2 Be6 57. Ke2 Bc8 58. Kf2 Ba6 59. Kg2 b5 60.
cxb5 cxb5 61. Kf2 {Hossa resigns} 0-1

[Event "ICS rated blitz match"]
[Site "204.178.125.65"]
[Date "2000.08.24"]
[Round "?"]
[White "QueenMaxima"]
[Black "Hossa"]
[Result "1-0"]
[WhiteElo "2484"]
[BlackElo "2501"]
[PlyCount "77"]
[EventDate "2000.??.??"]

1. d4 d5 2. c4 dxc4 3. Nf3 e6 4. e3 b5 5. a4 c6 6. b3 cxb3 7. axb5 Qd5 8. Ba3
b2 9. Bxb2 cxb5 10. Nc3 Bb4 11. Bd3 a6 12. O-O Bxc3 13. Bxc3 Nf6 14. Bb4 Nc6
15. Bc5 b4 16. Nd2 Bb7 17. Nc4 Rd8 18. Qa4 b3 19. Nb6 Qxc5 20. dxc5 Rxd3 21.
Rfb1 O-O 22. Rxb3 Rxb3 23. Qxb3 Rb8 24. Rd1 g5 25. Qb2 e5 26. Rd6 Ne4 27. Nd7
Nxd6 28. cxd6 Rc8 29. Qxb7 Na7 30. Qxc8+ Nxc8 31. Nf6+ Kg7 32. d7 Nd6 33. d8=Q
Nb5 34. Nh5+ Kh6 35. h4 gxh4 36. f4 exf4 37. exf4 f6 38. Qxf6+ Kxh5 39. Qg5# {
Hossa checkmated} 1-0

[Event "ICS rated standard match"]
[Site "204.178.125.65"]
[Date "2000.08.24"]
[Round "?"]
[White "MissSilicon"]
[Black "Hossa"]
[Result "1-0"]
[WhiteElo "2476"]
[BlackElo "2337"]
[PlyCount "150"]
[EventDate "2000.??.??"]

1. d4 Nf6 2. c4 c5 3. d5 g6 4. Nc3 Bg7 5. g3 d6 6. Bg2 O-O 7. Nf3 Nbd7 8. O-O
Nb6 9. Qd3 e6 10. e4 Bd7 11. Re1 Re8 12. e5 dxe5 13. d6 Bc6 14. Nxe5 Bxg2 15.
Kxg2 Nbd7 16. Bg5 Nxe5 17. Rxe5 Qb6 18. Re2 Red8 19. Rd1 h6 20. Bxf6 Bxf6 21.
Nb5 Bg7 22. Qb3 Rab8 23. d7 Qc6+ 24. f3 Rxd7 25. Nxa7 Qc7 26. Nb5 Qd8 27. Rxd7
Qxd7 28. Qe3 Qe7 29. Rd2 h5 30. b3 Ra8 31. h4 Qf8 32. Nc7 Rb8 33. Qd3 Bd4 34.
Qe4 Qe7 35. Nb5 Bh8 36. f4 Bg7 37. a4 Re8 38. Qd3 e5 39. fxe5 Qxe5 40. Qd5 Qe3
41. Rf2 Re7 42. Nd6 Qd4 43. Rd2 Qxd5+ 44. cxd5 Bc3 45. Rd3 Bd4 46. Nc4 Re2+ 47.
Kf1 Rf2+ 48. Ke1 Rg2 49. d6 Kf8 50. Kd1 Rg1+ 51. Ke2 Rg2+ 52. Kf3 Rf2+ 53. Ke4
Ke8 54. b4 Rc2 55. Kd5 Rc3 56. Rd2 Rxg3 57. Re2+ Kf8 58. d7 Bf6 59. Re8+ Kg7
60. Kxc5 Bxh4 61. d8=B Bxd8 62. Rxd8 h4 63. Nd6 h3 64. Ne8+ Kh7 65. Rd1 Kg8 66.
a5 h2 67. Rh1 Rg2 68. Nd6 f6 69. Nxb7 Kg7 70. a6 Rc2+ 71. Kb6 Rc4 72. a7 Rxb4+
73. Ka6 Ra4+ 74. Na5 Ra2 75. a8=Q g5 {Hossa resigns} 1-0

[Event "ICS rated blitz match"]
[Site "204.178.125.65"]
[Date "2000.08.25"]
[Round "?"]
[White "Hossa"]
[Black "PostModernist"]
[Result "1/2-1/2"]
[WhiteElo "2484"]
[BlackElo "2620"]
[PlyCount "123"]
[EventDate "2000.??.??"]

1. e4 e6 2. d4 d5 3. Nd2 c5 4. Ngf3 Nf6 5. exd5 exd5 6. dxc5 Bxc5 7. Nb3 Bb6 8.
Be2 O-O 9. O-O a6 10. Bf4 Ne4 11. c4 Be6 12. cxd5 Bxd5 13. Nbd4 Nc6 14. Nxc6
bxc6 15. Qc2 Qf6 16. Be5 Qg6 17. Bd3 f5 18. Rae1 Rfe8 19. Re2 Rad8 20. Bc4 Qg4
21. h3 Qg6 22. Rfe1 a5 23. b3 Bc5 24. Bc7 Ra8 25. Rxe4 fxe4 26. Bxd5+ cxd5 27.
Ne5 Rxe5 28. Bxe5 Bb6 29. Qd2 d4 30. Qc2 d3 31. Qc4+ Kh8 32. Bf4 Rf8 33. Be3
Bxe3 34. fxe3 Qg3 35. Qc3 Qf2+ 36. Kh2 Qxa2 37. Rf1 Rg8 38. Rf7 h6 39. Rd7 Qc2
40. Qxa5 Qxb3 41. Qe5 Qb8 42. Rd6 Re8 43. Rxh6+ Kg8 44. Qxb8 Rxb8 45. Rd6 Rb2
46. Rd4 Re2 47. Rxe4 Re1 48. Rd4 Rxe3 49. Kg1 Kf7 50. Kf2 Re2+ 51. Kf3 Rd2 52.
Rd7+ Kf6 53. Ke4 Rxg2 54. Rd6+ Kg5 55. Rxd3 Kh4 56. Kf5 Rg5+ 57. Ke4 Rg3 58.
Rxg3 Kxg3 59. Kf5 Kxh3 60. Kg5 Kg3 61. Kh5 g5 62. Kxg5 1/2-1/2

[Event "ICS rated blitz match"]
[Site "204.178.125.65"]
[Date "2000.08.25"]
[Round "?"]
[White "Hossa"]
[Black "Amateur"]
[Result "0-1"]
[WhiteElo "2490"]
[BlackElo "2550"]
[PlyCount "126"]
[EventDate "2000.??.??"]

1. e4 e5 2. Nf3 Nc6 3. Bb5 a6 4. Ba4 Nf6 5. O-O b5 6. Bb3 Bc5 7. a4 Bb7 8. d3
O-O 9. Nc3 Na5 10. Ba2 b4 11. Nd5 Nxd5 12. Bxd5 Bxd5 13. exd5 f6 14. Be3 Bxe3
15. fxe3 d6 16. Nh4 Qd7 17. Nf5 Rab8 18. Qg4 Kh8 19. Qe2 Nb7 20. d4 a5 21. Qf2
c5 22. dxc6 Qxc6 23. Ne7 Qd7 24. Nd5 Qc6 25. e4 exd4 26. Qxd4 Qxc2 27. Rf2 Qc6
28. Ne7 Qd7 29. Nf5 Rbc8 30. Qd3 Rc7 31. Rd1 Qxa4 32. Rfd2 Re8 33. Nxd6 Nxd6
34. Qxd6 Rce7 35. Qd5 Re5 36. Qf7 Rxe4 37. Rd8 Re1+ 38. Rxe1 Rxd8 39. Qe7 Ra8
40. Qe4 Rg8 41. g4 Rd8 42. Qe7 Ra8 43. Qe6 Qb5 44. h3 h5 45. Re3 Rd8 46. Re2
Rd3 47. Qc8+ Kh7 48. Qc2 b3 49. Qb1 f5 50. Qf1 Rg3+ 51. Rg2 Qxf1+ 52. Kxf1 Rxg2
53. Kxg2 hxg4 54. hxg4 fxg4 55. Kg3 a4 56. Kf2 a3 57. bxa3 b2 58. Kg3 b1=Q 59.
a4 Qf5 60. a5 Qf3+ 61. Kh2 Qf2+ 62. Kh1 g3 63. a6 Qf1# {Hossa checkmated} 0-1

[Event "ICS rated standard match"]
[Site "204.178.125.65"]
[Date "2000.08.25"]
[Round "?"]
[White "Hossa"]
[Black "Amateur"]
[Result "1-0"]
[WhiteElo "2327"]
[BlackElo "2363"]
[PlyCount "111"]
[EventDate "2000.??.??"]

1. e4 e5 2. Nf3 Nc6 3. Bb5 a6 4. Bxc6 dxc6 5. O-O f6 6. d4 exd4 7. Qxd4 Qxd4 8.
Nxd4 Bd7 9. Be3 Nh6 10. Bxh6 gxh6 11. Rd1 Rg8 12. Kf1 O-O-O 13. Nc3 Bd6 14. Rd3
Rg7 15. Rad1 Rdg8 16. g3 Rg5 17. R1d2 Bg4 18. f4 Rh5 19. f5 Kb8 20. Ke1 Rh3 21.
b3 h5 22. Ne6 Re8 23. Nd1 Kc8 24. Ne3 b5 25. Rf2 Be5 26. Kf1 a5 27. c3 Rg8 28.
Rfd2 Re8 29. Kg1 Bd6 30. Kg2 Kb8 31. Nd1 h4 32. Nf2 Rxh2+ 33. Kxh2 hxg3+ 34.
Rxg3 Rxe6 35. fxe6 Bxe6 36. Rxd6 cxd6 37. Rf3 a4 38. Rxf6 axb3 39. axb3 Bxb3
40. Rxd6 Kc7 41. Rh6 Bg8 42. Ng4 Bc4 43. Ne5 Ba2 44. Rxc6+ Kb7 45. Rh6 Bg8 46.
Nc6 Kc7 47. Nd4 Bc4 48. Kg3 Bd3 49. Ne6+ Kb8 50. Nc5 Bf1 51. Rxh7 Kc8 52. e5
Bc4 53. e6 Bd5 54. e7 Bc6 55. Rh6 Kc7 56. Rxc6+ {Amateur resigns} 1-0

[Event "ICS rated standard match"]
[Site "204.178.125.65"]
[Date "2000.08.25"]
[Round "?"]
[White "Hossa"]
[Black "nitmo"]
[Result "1-0"]
[WhiteElo "2345"]
[BlackElo "1938"]
[PlyCount "56"]
[EventDate "2000.??.??"]

1. e4 e5 2. Nf3 Nc6 3. Bb5 Nd4 4. Nxd4 exd4 5. O-O c6 6. Bc4 Nf6 7. e5 d5 8.
Be2 Nd7 9. f4 Nc5 10. d3 a5 11. f5 h5 12. Nd2 f6 13. Bxh5+ Kd7 14. e6+ Kc7 15.
Bg6 Bd6 16. Nf3 Kb8 17. h3 Qc7 18. Nxd4 Bh2+ 19. Kh1 b5 20. Nxc6+ Qxc6 21. Kxh2
d4 22. Bf4+ Ka7 23. Re1 Bb7 24. Qd2 Kb6 25. e7 Rh4 26. e8=Q Rxe8 27. Bxe8 Qxg2+
28. Qxg2 Bxg2 {nitmo resigns} 1-0

[Event "ICS rated standard match"]
[Site "204.178.125.65"]
[Date "2000.08.25"]
[Round "?"]
[White "Hossa"]
[Black "KarpovA"]
[Result "1-0"]
[WhiteElo "2349"]
[BlackElo "2112"]
[PlyCount "91"]
[EventDate "2000.??.??"]

1. e4 d6 2. d4 e6 3. Nc3 Nf6 4. Nf3 b6 5. Bd3 Bb7 6. e5 Nfd7 7. O-O Be7 8. exd6
cxd6 9. d5 O-O 10. Bc4 e5 11. Be3 Ba6 12. Qe2 Bxc4 13. Qxc4 f5 14. Rfe1 f4 15.
Bd2 g5 16. h3 h5 17. Nb5 Rf7 18. Nc7 b5 19. Nxb5 a5 20. Qe4 g4 21. Qg6+ Rg7 22.
Qe6+ Kf8 23. hxg4 hxg4 24. Qf5+ Kg8 25. Nh2 Nf6 26. c4 Ra6 27. Rad1 Nbd7 28. g3
fxg3 29. fxg3 Nf8 30. Bh6 Rh7 31. Nxg4 Nxg4 32. Qxg4+ Kh8 33. Be3 Qd7 34. Qxd7
Nxd7 35. Nc7 Rb6 36. Bxb6 Nxb6 37. c5 Nd7 38. c6 Nc5 39. Ne8 Bd8 40. Nxd6 Bb6
41. Nc4 Ba7 42. Kg2 e4 43. Rh1 Bb8 44. d6 Nd3 45. c7 Bxc7 46. dxc7 {
KarpovA resigns} 1-0

[Event "ICS Rated standard match"]
[Site "204.178.125.65"]
[Date "2000.08.25"]
[Round "?"]
[White "Hossa"]
[Black "Trompovsky"]
[Result "1-0"]
[WhiteElo "2350"]
[BlackElo "2339"]
[PlyCount "139"]
[EventDate "2000.??.??"]

1. e4 e6 2. d4 d5 3. Nd2 Nf6 4. e5 Nfd7 5. Bd3 c5 6. c3 Nc6 7. Ne2 cxd4 8. cxd4
f6 9. Nf4 Nxd4 10. Qh5+ Ke7 11. Ng6+ hxg6 12. exf6+ Nxf6 13. Qxh8 Kf7 14. O-O
e5 15. Nb3 Nxb3 16. axb3 Bf5 17. Bxf5 gxf5 18. Re1 e4 19. Bg5 Bc5 20. Qh4 Qb6
21. Qf4 g6 22. Bh4 Rc8 23. Rac1 Rc6 24. Rc3 Bd4 25. Rxc6 bxc6 26. Re2 Bc5 27.
b4 Bxb4 28. Qe5 Be7 29. Bg5 Qb7 30. Rc2 Ng8 31. Bf4 c5 32. Qh8 Nf6 33. Rd2 d4
34. Bg5 d3 35. Kh1 c4 36. h3 a5 37. Bh6 Ke6 38. Bg5 a4 39. Qg7 a3 40. Bxf6 a2
41. Rd1 Qa7 42. Bxe7 Qxe7 43. Qxg6+ Qf6 44. Qe8+ Kd6 45. Qb8+ Kc5 46. Qa7+ Qb6
47. Qxb6+ Kxb6 48. h4 Kb5 49. h5 Kb4 50. h6 Kb3 51. h7 Kxb2 52. g4 fxg4 53.
h8=Q+ c3 54. Rd2+ Kb3 55. Qb8+ Kc4 56. Qc8+ Kb3 57. Qe6+ Kb4 58. Qxe4+ Kb3 59.
Qe6+ Kb4 60. Qxg4+ Kb3 61. Rxa2 Kxa2 62. Qc4+ Kb2 63. Qxd3 c2 64. Qxc2+ Kxc2
65. f4 Kd3 66. f5 Ke4 67. f6 Kf5 68. f7 Kf6 69. f8=Q+ Ke6 70. Qd8 {
Trompovsky resigns} 1-0

[Event "ICS rated standard match"]
[Site "204.178.125.65"]
[Date "2000.08.25"]
[Round "?"]
[White "stevesand"]
[Black "Hossa"]
[Result "0-1"]
[WhiteElo "2094"]
[BlackElo "2359"]
[PlyCount "95"]
[EventDate "2000.??.??"]

1. d4 d5 2. c4 dxc4 3. Nf3 Nf6 4. e3 e6 5. Bxc4 c5 6. O-O a6 7. Nc3 b5 8. Bb3
cxd4 9. exd4 Bb7 10. Re1 Be7 11. Ne5 Nc6 12. Nxf7 Kxf7 13. Bxe6+ Kf8 14. Be3
Bc8 15. Bb3 Bb4 16. Qf3 Bb7 17. d5 Na5 18. Rad1 Nxb3 19. axb3 Kg8 20. Bd4 Ba5
21. Re5 Qf8 22. Rg5 Ne8 23. Qe4 Bd8 24. Rg3 Nf6 25. Qd3 Bc7 26. Rg5 Re8 27. h4
Qe7 28. d6 Qxd6 29. Qg3 Qxg3 30. fxg3 h6 31. Rg6 Kf7 32. h5 Nxh5 33. Rg4 Bc8
34. Rf1+ Kg8 35. Rg6 Kh7 36. Rc6 Bxg3 37. Nd5 Bb7 38. Nb4 Re4 39. Bc3 Rxb4 40.
Rb6 Rh4 41. Rxb7 Bh2+ 42. Kf2 Rf4+ 43. Ke2 Re8+ 44. Kd3 Rxf1 45. b4 Nf4+ 46.
Kc2 Re2+ 47. Kb3 Rxg2 48. Rb6 {stevesand resigns} 0-1

[Event "ICS rated standard match"]
[Site "204.178.125.65"]
[Date "2000.08.25"]
[Round "?"]
[White "Hossa"]
[Black "stevesand"]
[Result "1-0"]
[WhiteElo "2365"]
[BlackElo "2088"]
[PlyCount "35"]
[EventDate "2000.??.??"]

1. d4 Nf6 2. c4 g6 3. Nc3 d5 4. Qb3 dxc4 5. Qxc4 Bg7 6. e4 O-O 7. Nf3 Bg4 8. h3
Bxf3 9. gxf3 Nfd7 10. Be3 Nc6 11. O-O-O e5 12. dxe5 Ncxe5 13. Qd5 c6 14. Qb3
Qc7 15. f4 Nf3 16. h4 c5 17. Nd5 Qa5 18. Ne7+ 1-0